000 00425nam a2200181Ia 4500
001 21097
005 20260306172854.0
008 260306t2021||||xx |||||||||||||| ||spa||
041 _aESP
082 _a344
_bP45
100 _aPérez López, Jorge
_eAUT
245 0 _aDerecho penal:
_bparte general
260 _c2021
300 _a796 páginas :
_c25 cm.
650 _aGEN
654 _aCDE
942 _cLIB
_dJUS
_fJUS
_2ddc
_n
999 _c21097
_d21097